000 00541nam a2200181 i 4500
001 47179
003 ES-MaACL
005 20250827062603.0
007 t|
008 030404s1927 sp ||||1| spa d
110 1 _aEspaña
_93622
240 0 _aTratados, etc. Cuba, 1927
245 1 0 _aConvenio de comercio entre España y Cuba firmado en Madrid el 15 de julio de 1927.
260 _aMadrid :
_b[s.n.,
_c1927] (
_fImprenta del Ministerio de Estado)
300 _a5 p. ;
_c23 cm.
852 _aES-MaACL
_j1723-F-6
999 _c47179
_d47179